<?xml version="1.0" encoding="UTF-8"?>
<record
    xmlns:xsi="http://www.w3.org/2001/XMLSchema-instance"
    xsi:schemaLocation="http://www.loc.gov/MARC21/slim http://www.loc.gov/standards/marcxml/schema/MARC21slim.xsd"
    xmlns="http://www.loc.gov/MARC21/slim">

  <leader>01741nam a2200301 a 4500</leader>
  <controlfield tag="001">000044698</controlfield>
  <controlfield tag="003"> </controlfield>
  <controlfield tag="005">20241008140009.0</controlfield>
  <controlfield tag="007">ta</controlfield>
  <controlfield tag="008">141218s2012    dr    r 000 0 spa d</controlfield>
  <datafield tag="020" ind1=" " ind2=" ">
    <subfield code="a">9789945443868</subfield>
  </datafield>
  <datafield tag="040" ind1=" " ind2=" ">
    <subfield code="a">DO-SdBP</subfield>
    <subfield code="b">spa</subfield>
    <subfield code="c">BPMSU </subfield>
  </datafield>
  <datafield tag="082" ind1=" " ind2="4">
    <subfield code="a">306.97293</subfield>
    <subfield code="b">L258e 2012</subfield>
    <subfield code="2">22</subfield>
  </datafield>
  <datafield tag="100" ind1="1" ind2=" ">
    <subfield code="a">Landolfi, Ciriaco</subfield>
    <subfield code="d">1927-</subfield>
  </datafield>
  <datafield tag="245" ind1="1" ind2="0">
    <subfield code="a">Evoluci&#xF3;n cultural dominicana (1844-1899) /</subfield>
    <subfield code="c">Ciriaco Landolfi Rodr&#xED;guez.</subfield>
  </datafield>
  <datafield tag="250" ind1=" " ind2=" ">
    <subfield code="a">2a ed.</subfield>
  </datafield>
  <datafield tag="260" ind1=" " ind2=" ">
    <subfield code="a">Santo Domingo :</subfield>
    <subfield code="b">Banco Central de la Rep&#xFA;blica Dominicana,</subfield>
    <subfield code="c">2012.</subfield>
  </datafield>
  <datafield tag="300" ind1=" " ind2=" ">
    <subfield code="a">305 p. ;</subfield>
    <subfield code="c">23 cm.</subfield>
  </datafield>
  <datafield tag="490" ind1="0" ind2=" ">
    <subfield code="a">Banco Central de la Rep&#xFA;blica Dominicana;</subfield>
    <subfield code="a">Ciencias sociales,</subfield>
    <subfield code="v">65/29</subfield>
  </datafield>
  <datafield tag="500" ind1=" " ind2=" ">
    <subfield code="a">Incluye referencias bibliogr&#xE1;ficas y notas al pie de las p&#xE1;ginas</subfield>
  </datafield>
  <datafield tag="500" ind1=" " ind2=" ">
    <subfield code="a">Incluye datos biogr&#xE1;ficos del autor en las solapas</subfield>
  </datafield>
  <datafield tag="505" ind1="0" ind2=" ">
    <subfield code="a">Ra&#xED;ces, 13 -- El legado cultural al umbral de la independencia pol&#xED;tica, 43 -- La I Rep&#xFA;blica, 61 -- Fracaso de la supuesta identidad cultura espa&#xF1;ola en 1861, 95 -- Algunos supuestos hist&#xF3;ricos de la evoluci&#xF3;n cultural dominicano de 1865 a 1899, 111 -- &#xC9;ramos un pueblo &#xE1;grafo, 123 -- Monteros vs. tabaqueros (reflexiones sobre textos y contextos de una neuralgia pol&#xED;tica), 149 -- 1873 llega a su t&#xE9;rmino el proceso de intelecci&#xF3;n de la idea nacional, 191 -- Una cultura urbana cosmopolita, 217 -- La ciudad de santo domingo: el contrapunto urbano (con apuntaciones a la diversidad cultural dominicana del &#xFA;ltimo tercio del siglo XIX), 237 -- Estancamiento cultural a final del siglo XIX, 26</subfield>
  </datafield>
  <datafield tag="590" ind1=" " ind2=" ">
    <subfield code="a">Inventariado, 2024/VM</subfield>
  </datafield>
  <datafield tag="650" ind1=" " ind2="4">
    <subfield code="a">Evoluci&#xF3;n cultural </subfield>
    <subfield code="x">Historia</subfield>
    <subfield code="z">Rep&#xFA;blica dominicana</subfield>
  </datafield>
  <datafield tag="650" ind1=" " ind2="4">
    <subfield code="a"> Identidad cultural</subfield>
  </datafield>
  <datafield tag="910" ind1=" " ind2=" ">
    <subfield code="a">VMateo V. Control de calidad. BPMSU</subfield>
  </datafield>
  <datafield tag="942" ind1=" " ind2=" ">
    <subfield code="2">ddc</subfield>
    <subfield code="c">BK</subfield>
  </datafield>
  <datafield tag="952" ind1=" " ind2=" ">
    <subfield code="0">0</subfield>
    <subfield code="1">0</subfield>
    <subfield code="2">ddc</subfield>
    <subfield code="4">0</subfield>
    <subfield code="7">0</subfield>
    <subfield code="8">CD</subfield>
    <subfield code="a">BPMET</subfield>
    <subfield code="b">BPMET</subfield>
    <subfield code="d">2024-10-09</subfield>
    <subfield code="l">0</subfield>
    <subfield code="o">BPMSU CD 306.97293 L258e 2012</subfield>
    <subfield code="p">BPMSU24100014</subfield>
    <subfield code="r">2024-10-09</subfield>
    <subfield code="w">2024-10-09</subfield>
    <subfield code="y">BK</subfield>
  </datafield>
  <datafield tag="999" ind1=" " ind2=" ">
    <subfield code="c">14824</subfield>
    <subfield code="d">14824</subfield>
  </datafield>
</record>
